The oxford classical dictionary. The ultimate reference work on the classical world.

Saved in:
Bibliografiske detaljer
Andre forfattere: Hornblower, Simon (Editor), Spawforth, Antony (Editor)
Format: Bog
Sprog:engelsk
Udgivet: Oxford, United Kingdom: Oxford University Press, 1996.
Udgivelse:Third edition.
Fag:
Tags: Tilføj Tag
Ingen Tags, Vær først til at tagge denne postø!

MARC

LEADER 00000nam a2200000 a 4500
001 UCP8748
003 CL-VaPUC
005 20220822114503.0
008 220614b1996 ||||| |||| 00| 0 eng d
999 |c 436010  |d 436008 
020 |a 0-19-8666172-X 
040 |c Pontificia Universidad Católica de Valparaíso 
082 0 4 |a 930.03 HAM 1996  |2 21 
100 |a Hornblower, Simon  |e editor  |9 870651 
245 1 4 |a The oxford classical dictionary.  |b The ultimate reference work on the classical world.  
250 |a Third edition. 
260 |a Oxford, United Kingdom:  |b Oxford University Press,   |c 1996. 
300 |a 1640 páginas. 
500 |a c.1 Donación Familia Prof. Alejandro Guzmán Brito. 
583 |a last modification  |c 20111130 09:44:25  |k Cristina María Rojas Aguilar 
650 0 |a Historia antigua  |9 267521  |x Diccionarios 
700 |a Spawforth, Antony   |e editor  |9 870652 
942 |c BK  |2 ddc  |n 0 
952 |0 0  |1 0  |2 ddc  |4 0  |6 930_030000000000000_HAM_1996  |7 0  |8 C_AGB  |9 583684  |a BIBDER  |b BIBDER  |d 2022-06-14  |e Donación   |i 5651812  |o 930.03 HAM 1996  |p 5651812  |r 2023-01-25  |t 1  |w 2022-06-14  |y BK_US  |k AGB